[Event "Sachsen-ch U10 Girls"]
[Site "Sebnitz"]
[Date "2009.04.15"]
[Round "3"]
[White "Ortlepp, Kristina"]
[Black "Simon, Tessa"]
[Result "1/2-1/2"]
[WhiteElo "788"]
[BlackElo "986"]
[PlyCount "77"]
[EventDate "2009.04.14"]
[EventType "swiss"]
[EventRounds "7"]
[EventCountry "GER"]
[SourceTitle "EXT 2010"]
[Source "ChessBase"]
[SourceDate "2010.11.25"]
[SourceVersion "1"]
[SourceVersionDate "2010.11.25"]
[SourceQuality "1"]

1. e4 e5 2. Nf3 Nc6 3. Bc4 Bc5 4. 0-0 Nf6 5. Nc3 d6 6. h3 Be6 7. d3 0-0 8. Bg5 h6 9. Bh4 a6 10. Nd5 Bxd5 11. Bxd5 Rb8 12. Qd2 Nd4 13. Nxd4 Bxd4 14. c3 Bc5 15. d4 Bb6 16. Rad1 c6 17. Bb3 c5 18. dxe5 Nxe4 19. Bxd8 Nxd2 20. Rxd2 Rbxd8 21. exd6 Kh8 22. d7 Rb8 23. Rfd1 f6 24. Kf1 Kh7 25. Ke2 Kg6 26. Ke3 c4+ 27. Ke4 cxb3 28. axb3 Kf7 29. Kd5 Ke7 30. Kc4 Bc7 31. Kc5 g5 32. g4 Rbd8 33. Re1+ Kf7 34. Rde2 Kg6 35. Re8 Kf7 36. R1e7+ Kg6 37. Rxd8 Bxd8 38. Re8 Kf7 39. Re4 1/2-1/2